Goal directed project management : (Record no. 3371)
[ view plain ]
| 000 -LEADER | |
|---|---|
| fixed length control field | 00911nam a2200193Ia 4500 |
| 020 ## - INTERNATIONAL STANDARD BOOK NUMBER | |
| ISBN | 0749426152 |
| 050 ## - CALL NUMBER | |
| Classification number | HD69.P75G62 AND |
| 100 1# - AUTHOR | |
| Personal name | Andersen, Erling S. |
| 245 10 - TITLE | |
| Title | Goal directed project management : |
| Remainder of title | effective techniques and strategies / |
| Statement of responsibility, etc | Erling S. Andersen, Kristoffer V. Grude and Tor Haug ; introduced and edited by Terry Gibbons ; translated by Roberta Wiig. |
| 250 ## - EDITION | |
| Edition statement | Second edition. |
| 260 ## - PUBLICATION INFORMATION | |
| Place of publication | London : , 2000, . |
| Name of publisher | Kogan Page/Coopers & Lybrand |
| Year of publication | ©1998 |
| 300 ## - DESCRIPTION | |
| Number of Pages | 244 pages. |
| 500 ## - NOTES | |
| General note | Reprinted as part of the Professional Paperbacks series in 1998; reprinted 1999 (twice), 2000.<br/>Includes index. Includes index |
| 505 ## - FORMATTED CONTENTS NOTE | |
| Table of Content | 1. Introduction<br/>2. Project characteristics<br/>3. Pitfalls in project management<br/>4. Planning milestones-focusing on results<br/>5. Organising |
| 650 #0 - SUBJECTS | |
| Topical Term | Project management. |
| 700 1# - OTHER AUTHORS | |
| Personal name | Grude, Kristoffer V. |
| 700 1# - OTHER AUTHORS | |
| Personal name | Haug, Tor. |
| 942 ## - ADDED ENTRY ELEMENTS (KOHA) | |
| Koha item type | Books |
| Withdrawn status | Lost status | Collection code | Home library | Current library | Shelving location | Date acquired | Full call number | Accession Number | Koha item type |
|---|---|---|---|---|---|---|---|---|---|
| Reference | Methodist University Library Main | Methodist University Library Main | General Stacks | 22/05/2018 | HD69.P75G62 AND | 20920 | Books |